| 000 | 00504nam a22001577a 4500 | ||
|---|---|---|---|
| 003 | macl | ||
| 005 | 20181206122743.0 | ||
| 008 | 181206b xxu||||| |||| 00| 0 eng d | ||
| 040 | _cmacl | ||
| 082 | _a294 | ||
| 100 |
_aहरीसिंह _973319 |
||
| 245 | _aयाेगेश्वर श्रीकृष्ण | ||
| 260 |
_aजयपुर _bराष्ट्रीय प्रकाशनालय _c2015 |
||
| 650 |
_aभारतीय धर्म _948169 |
||
| 942 |
_2ddc _cHIN |
||
| 999 |
_c58654 _d58654 |
||